[Event "Bayern-chI Bank Hofmann 25th"]
[Site "Tegernsee"]
[Date "2022.11.12"]
[Round "8"]
[White "Reimann, Matthias"]
[Black "Cherniaiev, Tykhon"]
[Result "1/2-1/2"]
[WhiteElo "2053"]
[BlackElo "2314"]
[PlyCount "65"]
[EventDate "2022.11.05"]
[EventType "swiss"]
[EventRounds "9"]
[EventCountry "GER"]
[SourceTitle "CBM 211 Extra"]
[Source "ChessBase"]
[SourceDate "2023.01.31"]
[SourceVersion "1"]
[SourceVersionDate "2023.01.31"]
[SourceQuality "1"]

1. d4 Nf6 2. Nf3 e6 3. Bg5 c5 4. d5 exd5 5. Nc3 d4 6. Bxf6 gxf6 7. Nd5 d6 8. e4 Be6 9. Bc4 Nc6 10. 0-0 a6 11. a4 Rg8 12. Kh1 Rg4 13. Qe2 Bh6 14. h3 d3 15. Qxd3 Rg7 16. Qc3 Kf8 17. Rfd1 Rb8 18. a5 Ne5 19. Nb6 Nxc4 20. Nxc4 Bf4 21. Qd3 Qd7 22. Nb6 Qc6 23. Nd5 c4 24. Qc3 Be5 25. Nxe5 fxe5 26. f4 exf4 27. Qf6 Re8 28. Qxf4 Bxd5 29. Rxd5 Re6 30. Rad1 Rgg6 31. R1d4 Ref6 32. Qd2 Kg8 33. Kh2 1/2-1/2

[Event "Bayern-chI Bank Hofmann 25th"]
[Site "Tegernsee"]
[Date "2022.11.11"]
[Round "7"]
[White "Player, Edmund C"]
[Black "Reimann, Matthias"]
[Result "0-1"]
[WhiteElo "2212"]
[BlackElo "2053"]
[PlyCount "58"]
[EventDate "2022.11.05"]
[EventType "swiss"]
[EventRounds "9"]
[EventCountry "GER"]
[SourceTitle "CBM 211 Extra"]
[Source "ChessBase"]
[SourceDate "2023.01.31"]
[SourceVersion "1"]
[SourceVersionDate "2023.01.31"]
[SourceQuality "1"]

1. e4 c5 2. Nf3 Nc6 3. Bb5 g6 4. Bxc6 bxc6 5. 0-0 Bg7 6. Re1 Qc7 7. h3 d6 8. c3 Nh6 9. d3 0-0 10. Na3 Rb8 11. Be3 f5 12. Qd2 Nf7 13. Ng5 Nxg5 14. Bxg5 e5 15. f4 h6 16. Bh4 exf4 17. exf5 g5 18. Bf2 Bxf5 19. Rad1 Rfe8 20. Nc2 Rxe1+ 21. Nxe1 Re8 22. Nf3 Qd7 23. Kh2 Re7 24. b4 cxb4 25. cxb4 Qe8 26. Bd4 Re2 27. Qc1 Bxh3 28. Bxg7 Bxg2 29. Kg1 Bxf3 0-1

[Event "Bayern-ch 92th"]
[Site "Lichtenfels"]
[Date "2021.08.22"]
[Round "1"]
[White "Schmid, Franz"]
[Black "Reimann, Matthias"]
[Result "1/2-1/2"]
[WhiteElo "2197"]
[BlackElo "2017"]
[PlyCount "92"]
[EventDate "2021.08.22"]
[EventType "swiss"]
[EventRounds "9"]
[EventCountry "GER"]
[SourceTitle "EXT 2023"]
[Source "ChessBase"]
[SourceDate "2022.10.05"]
[SourceVersion "1"]
[SourceVersionDate "2022.10.05"]
[SourceQuality "1"]

1. e4 d6 2. d4 g6 3. Nc3 Bg7 4. Be3 a6 5. a4 Nc6 6. Qd2 e5 7. Nge2 exd4 8. Nxd4 Nxd4 9. Bxd4 Bxd4 10. Qxd4 Qf6 11. Qd2 Ne7 12. Be2 Be6 13. 0-0 Rd8 14. f4 d5 15. e5 Qh4 16. a5 Nf5 17. Ra4 Qe7 18. Kh1 Qh4 19. Kg1 Qe7 20. Rf2 h5 21. Ra1 h4 22. Na4 Ng3 23. Bf3 Bf5 24. Qd4 Be4 25. Bg4 Bf5 26. Bf3 Be4 27. Qc5 Bxf3 28. Qxe7+ Kxe7 29. hxg3 Bg4 30. gxh4 Rxh4 31. Rd2 Be6 32. Rf1 Rdh8 33. Nc5 Rb8 34. Rd4 g5 35. Rb4 Rxf4 36. Rfxf4 gxf4 37. Nxa6 Ra8 38. Nxc7 Rxa5 39. Rxb7 Kd7 40. Nxe6+ Kxe6 41. Kf2 d4 42. Ke2 Rxe5+ 43. Kd3 Rg5 44. Kxd4 Rxg2 45. c4 Rc2 46. Kd3 f3 1/2-1/2

[Event "Landesliga Sued 1718"]
[Site "Bayern"]
[Date "2018.02.04"]
[Round "6.7"]
[White "Reimann, Matthias"]
[Black "Giss, Arthur"]
[Result "0-1"]
[WhiteElo "1995"]
[BlackElo "2056"]
[PlyCount "114"]
[EventDate "2017.10.22"]
[EventType "team-tourn"]
[EventRounds "9"]
[EventCountry "GER"]
[SourceTitle "EXT 2022"]
[Source "ChessBase"]
[SourceDate "2021.10.06"]
[SourceVersion "1"]
[SourceVersionDate "2021.10.06"]
[SourceQuality "1"]
[WhiteTeam "Kriegshaber SK"]
[BlackTeam "Dillingen"]
[WhiteTeamCountry "GER"]
[BlackTeamCountry "GER"]

1. Nf3 Nf6 2. d4 e6 3. g3 b6 4. Bg2 Bb7 5. 0-0 Be7 6. c4 c6 7. Nc3 d5 8. b3 0-0 9. Qc2 Nbd7 10. e4 Nxe4 11. Nxe4 dxe4 12. Qxe4 Bf6 13. Bf4 Re8 14. Rad1 Qe7 15. Rfe1 Nf8 16. Ne5 Rac8 17. h4 Qa3 18. Qe2 Red8 19. h5 Qe7 20. Qe4 Bg5 21. Qe3 Bxf4 22. Qxf4 Rd6 23. Ng4 h6 24. Ne3 Qd8 25. Be4 Rc7 26. Nc2 Rcd7 27. Kh2 Re7 28. Bf3 Red7 29. Be4 f5 30. Bf3 Nh7 31. d5 cxd5 32. cxd5 Ng5 33. Ne3 e5 34. Qxf5 Rf7 35. Qxf7+ Kxf7 36. Bg2 e4 37. Rd4 Qf6 38. Rc4 Kg8 39. Kg1 Bxd5 40. Rc8+ Kf7 41. Rc7+ Kf8 42. Nxd5 Rxd5 43. Bxe4 Re5 44. Rc8+ Ke7 45. Rc4 Nf3+ 46. Bxf3 Rxe1+ 47. Kg2 Kd7 48. Ra4 a5 49. Rf4 Qa1 50. Rf7+ Kd6 51. Rb7 Kc5 52. Rc7+ Kb5 53. a4+ Kb4 54. Rc6 Kxb3 55. Rxb6+ Kxa4 56. Rb7 Rc1 57. Bd5 Qd4 0-1

[Event "Landesliga U20 Sued 1718"]
[Site "Bayern"]
[Date "2017.12.02"]
[Round "2.1"]
[White "Reimann, Matthias"]
[Black "Mooser, Nicolas"]
[Result "1/2-1/2"]
[WhiteElo "1995"]
[BlackElo "1896"]
[PlyCount "97"]
[EventDate "2017.11.18"]
[EventType "team-tourn"]
[EventRounds "7"]
[EventCountry "GER"]
[SourceTitle "EXT 2022"]
[Source "ChessBase"]
[SourceDate "2021.10.06"]
[SourceVersion "1"]
[SourceVersionDate "2021.10.06"]
[SourceQuality "1"]
[WhiteTeam "Kriegshaber SK U20"]
[BlackTeam "Dorfen PSV U20"]
[WhiteTeamCountry "GER"]
[BlackTeamCountry "GER"]

1. g3 d5 2. Bg2 e6 3. b3 Nf6 4. Bb2 Be7 5. Nf3 0-0 6. 0-0 b6 7. c4 Bb7 8. Ne5 c5 9. d4 Nc6 10. e3 Qc7 11. Qe2 Rfd8 12. Nxc6 Bxc6 13. Nd2 Qb7 14. Rfd1 Rac8 15. Rac1 Rc7 16. cxd5 Nxd5 17. Qf1 Rcd7 18. Nc4 Nb4 19. Bxc6 Nxc6 20. dxc5 Bxc5 21. Qe2 Nb4 22. Ne5 Rd5 23. a3 Rxd1+ 24. Rxd1 Rxd1+ 25. Qxd1 Nd5 26. e4 Nf6 27. Qd8+ Bf8 28. f3 Qe7 29. Qxe7 Bxe7 30. Nc6 Bc5+ 31. Kf1 a5 32. b4 axb4 33. axb4 Bf8 34. Ke2 Ne8 35. Kd3 Nc7 36. Bd4 b5 37. Bc5 Na6 38. Bxf8 Kxf8 39. Kc3 Ke8 40. Na7 Nc7 41. Kd4 Na6 42. Nc6 Kd7 43. Ne5+ Ke7 44. Nd3 Kd6 45. f4 g6 46. g4 f6 47. h3 h6 48. e5+ Ke7 49. h4 1/2-1/2

[Event "Landesliga Sued 1617"]
[Site "Bayern"]
[Date "2017.04.30"]
[Round "9.8"]
[White "Klenk, Sofie"]
[Black "Reimann, Matthias"]
[Result "0-1"]
[WhiteElo "1866"]
[BlackElo "1954"]
[PlyCount "58"]
[EventDate "2016.10.16"]
[EventType "team-tourn"]
[EventRounds "9"]
[EventCountry "GER"]
[SourceTitle "EXT 2019"]
[Source "ChessBase"]
[SourceDate "2018.10.10"]
[SourceVersion "1"]
[SourceVersionDate "2018.10.10"]
[SourceQuality "1"]
[WhiteTeam "Muenchen Tarrasch"]
[BlackTeam "Kriegshaber"]
[WhiteTeamCountry "GER"]
[BlackTeamCountry "GER"]

1. e4 g6 2. d4 Bg7 3. Nf3 d6 4. h3 a6 5. Bc4 b5 6. Bb3 Bb7 7. Qe2 Nf6 8. e5 Ne4 9. e6 f5 10. Nbd2 0-0 11. c3 c5 12. d5 c4 13. Bc2 Nc5 14. Ng5 Bxd5 15. Ndf3 Qc8 16. g4 fxg4 17. hxg4 Bxf3 18. Nxf3 Nd3+ 19. Bxd3 cxd3 20. Qe4 Qc6 21. Qxc6 Nxc6 22. Ng5 h6 23. Nf7 Ne5 24. Nxh6+ Bxh6 25. Rxh6 Kg7 26. Rh4 Nf3+ 27. Kd1 Nxh4 28. Bg5 Nf3 29. Bxe7 Rh8 0-1

[Event "Staufer op 29th"]
[Site "Schwaebisch Gmuend"]
[Date "2017.01.03"]
[Round "3"]
[White "Reimann, Matthias"]
[Black "Henrich, Thomas"]
[Result "0-1"]
[WhiteElo "1943"]
[BlackElo "2224"]
[PlyCount "94"]
[EventDate "2017.01.02"]
[EventType "swiss"]
[EventRounds "9"]
[EventCountry "GER"]
[SourceTitle "CBM 176 Extra"]
[Source "ChessBase"]
[SourceDate "2017.03.02"]
[SourceVersion "1"]
[SourceVersionDate "2017.03.02"]
[SourceQuality "1"]

1. Nf3 c5 2. c4 Nc6 3. g3 e5 4. Nc3 d6 5. Bg2 g6 6. 0-0 Bg7 7. d3 Nge7 8. a3 0-0 9. Rb1 a5 10. Bd2 h6 11. Nd5 Nxd5 12. cxd5 Ne7 13. e4 b5 14. Ne1 f5 15. f4 exf4 16. Bxf4 g5 17. Be3 Ng6 18. Nc2 f4 19. gxf4 gxf4 20. Bf2 Ne5 21. d4 Bg4 22. Qc1 Nd3 23. Qd2 c4 24. Ne1 Nxe1 25. Rfxe1 Qg5 26. h4 Qg6 27. Kh2 h5 28. b3 Bh6 29. Qc3 f3 30. Bh1 Bf4+ 31. Bg3 Bxg3+ 32. Kxg3 f2 33. Rf1 Be2+ 34. Kh2 Bxf1 35. Rxf1 Rf4 36. Qg3 Qxg3+ 37. Kxg3 Raf8 38. bxc4 bxc4 39. Bg2 Rg4+ 40. Kh3 Rff4 41. Rc1 Rxh4+ 42. Kg3 Rhg4+ 43. Kh3 c3 44. e5 Rxg2 45. Kxg2 f1Q+ 46. Rxf1 Rxf1 47. Kxf1 c2 0-1

[Event "Augsburg Ibis 10th"]
[Site "Augsburg"]
[Date "2014.01.03"]
[Round "4"]
[White "Szente Varga, Fruzsina"]
[Black "Reimann, Matthias"]
[Result "1/2-1/2"]
[WhiteElo "2041"]
[BlackElo "1671"]
[PlyCount "59"]
[EventDate "2014.01.02"]
[EventType "tourn"]
[EventRounds "7"]
[EventCountry "GER"]
[SourceTitle "EXT 2015"]
[Source "ChessBase"]
[SourceDate "2014.11.20"]
[SourceVersion "1"]
[SourceVersionDate "2014.11.20"]
[SourceQuality "1"]

1. e4 c5 2. Nf3 Nc6 3. Nc3 g6 4. d4 cxd4 5. Nxd4 Bg7 6. Be3 d6 7. Qd2 Nf6 8. f3 Qa5 9. Nb3 Qc7 10. 0-0-0 a6 11. Bh6 Bxh6 12. Qxh6 Be6 13. Qe3 h5 14. Ne2 Rc8 15. Kb1 Ne5 16. Ned4 b5 17. Re1 Bc4 18. f4 Neg4 19. Qf3 Bxf1 20. Rexf1 e5 21. fxe5 dxe5 22. h3 exd4 23. hxg4 Nxg4 24. Nxd4 0-0 25. a3 Nh2 26. Qf6 Nxf1 27. Rxh5 gxh5 28. Qg5+ Kh7 29. Qxh5+ Kg8 30. Qg5+ 1/2-1/2

[Event "Augsburg Ibis 10th"]
[Site "Augsburg"]
[Date "2014.01.02"]
[Round "2"]
[White "Reimann, Sebastian"]
[Black "Reimann, Matthias"]
[Result "1/2-1/2"]
[WhiteElo "1712"]
[BlackElo "1671"]
[PlyCount "26"]
[EventDate "2014.01.02"]
[EventType "tourn"]
[EventRounds "7"]
[EventCountry "GER"]
[SourceTitle "EXT 2015"]
[Source "ChessBase"]
[SourceDate "2014.11.20"]
[SourceVersion "1"]
[SourceVersionDate "2014.11.20"]
[SourceQuality "1"]

1. e4 c6 2. d4 d5 3. Nc3 dxe4 4. Nxe4 Nf6 5. Nxf6+ exf6 6. Nf3 Bd6 7. Bd3 0-0 8. 0-0 Nd7 9. h3 Nb6 10. b3 Nd5 11. c4 Nf4 12. Bb1 Bd7 13. Bb2 Qc8 1/2-1/2

[Event "Augsburg op"]
[Site "Augsburg"]
[Date "2013.12.30"]
[Round "7"]
[White "Reimann, Matthias"]
[Black "Friedrich, Wolfgang"]
[Result "1/2-1/2"]
[WhiteElo "1671"]
[BlackElo "2031"]
[PlyCount "37"]
[EventDate "2013.12.27"]
[EventType "swiss"]
[EventRounds "7"]
[EventCountry "GER"]
[SourceTitle "CBM 158 Extra"]
[Source "ChessBase"]
[SourceDate "2014.02.28"]
[SourceVersion "1"]
[SourceVersionDate "2014.02.28"]
[SourceQuality "1"]

1. c4 e6 2. Nf3 b6 3. g3 Bb7 4. Bg2 f5 5. d4 Nf6 6. Nc3 d5 7. cxd5 exd5 8. Bf4 Bd6 9. Be5 Qe7 10. Qb3 c6 11. 0-0 Nbd7 12. Bxd6 Qxd6 13. e3 Ne4 14. Nxe4 fxe4 15. Nd2 Rf8 16. f3 Ba6 17. Rf2 0-0-0 18. Bf1 Bb7 19. Bg2 1/2-1/2

[Event "GER-ch U25 op-B"]
[Site "Oberhof"]
[Date "2013.05.19"]
[Round "2"]
[White "Reimann, Matthias"]
[Black "Schrader, Alia"]
[Result "1-0"]
[WhiteElo "1626"]
[BlackElo "1311"]
[PlyCount "51"]
[EventDate "2013.05.19"]
[EventType "swiss"]
[EventRounds "9"]
[EventCountry "GER"]
[SourceTitle "CBM 154 Extra"]
[Source "ChessBase"]
[SourceDate "2013.06.25"]
[SourceVersion "2"]
[SourceVersionDate "2013.06.25"]
[SourceQuality "1"]

1. c4 c5 2. Nc3 Nc6 3. Nf3 Nf6 4. g3 g6 5. Bg2 Bg7 6. 0-0 0-0 7. d3 d5 8. cxd5 Nxd5 9. Nxd5 Qxd5 10. a3 c4 11. Nd2 Qb5 12. dxc4 Qb6 13. Rb1 Rd8 14. e3 Be6 15. Qe2 Rac8 16. b4 Ne5 17. c5 Qc7 18. Bb2 b6 19. cxb6 axb6 20. Rfc1 Qd6 21. Bd4 Bf5 22. Ra1 Bg4 23. f3 Bd7 24. Ne4 Qd5 25. f4 f5 26. Nf6+ 1-0

[Event "GER-chB U25"]
[Site "Oberhof"]
[Date "2011.06.14"]
[Round "4"]
[White "Resch, Andreas"]
[Black "Reimann, Matthias"]
[Result "1-0"]
[WhiteElo "1351"]
[BlackElo "1541"]
[PlyCount "63"]
[EventDate "2011.06.11"]
[EventType "swiss"]
[EventRounds "9"]
[EventCountry "GER"]
[SourceTitle "CBM 142 Extra"]
[Source "ChessBase"]
[SourceDate "2011.06.27"]
[SourceVersion "1"]
[SourceVersionDate "2011.06.27"]
[SourceQuality "1"]

1. e4 d6 2. d4 Nf6 3. Nc3 g6 4. Nf3 Bg7 5. Bf4 0-0 6. Bc4 c6 7. 0-0 Nh5 8. Be3 Nd7 9. Qd2 Qb6 10. Rab1 Qc7 11. Bh6 Nhf6 12. Bxg7 Kxg7 13. Rfe1 Nb6 14. Bb3 Bg4 15. Qf4 Bxf3 16. Qxf3 Nbd7 17. Qe3 e5 18. dxe5 dxe5 19. Rbd1 Nb6 20. Ne2 Rad8 21. c3 Nh5 22. Ng3 Nf4 23. Ne2 Nh5 24. Ng3 Nf6 25. Qg5 Nfd7 26. Nf5+ Kh8 27. Nd6 f6 28. Qh6 Nc5 29. Nf7+ Rxf7 30. Rxd8+ Qxd8 31. Bxf7 Qd7 32. Qf8# 1-0